Bệnh nấm vùng nhiệt đới

Сохранить в:
Библиографические подробности
Главный автор: GLENN S BULMER
Формат:
Язык:Undetermined
Опубликовано: Y học 2001
Метки: Добавить метку
Нет меток, Требуется 1-ая метка записи!
Thư viện lưu trữ: Trung tâm Học liệu Trường Đại học Cần Thơ
LEADER 00427nam a2200145Ia 4500
001 CTU_47395
008 210402s9999 xx 000 0 und d
082 |a 614.559 
082 |b B933 
100 |a GLENN S BULMER 
245 0 |a Bệnh nấm vùng nhiệt đới 
245 0 |c GLENN S BULMER; Dịch giả: Lê Ngọc Oanh 
260 |b Y học 
260 |c 2001 
980 |a Trung tâm Học liệu Trường Đại học Cần Thơ